[Event "25th Zadar Open 2018"]
[Site "Zadar"]
[Date "2018.12.21"]
[Round "8.14"]
[White "Tica, Sven"]
[Black "Mendonca, Leon Luke"]
[Result "1/2-1/2"]
[WhiteElo "2439"]
[BlackElo "2350"]
[Annotator "ChessBase"]
[PlyCount "90"]
[EventDate "2018.12.15"]
[EventType "swiss"]
[EventCountry "CRO"]
[SourceTitle "playchess.com"]
[Source "ChessBase"]
[SourceQuality "1"]
[TimeControl "40/5400+30:1800+30"]

1. Nf3 {[%emt 0:01:30]} Nf6 {[%emt 0:00:30]} 2. g3 {[%emt 0:00:30]} b6 {[%emt 0:00:30]} 3. Bg2 {[%emt 0:00:00]} Bb7 {[%emt 0:00:30]} 4. O-O {[%emt 0:00:00]} e6 {[%emt 0:00:00]} 5. c4 {[%emt 0:00:30]} Be7 {[%emt 0:00:00]} 6. Nc3 {[%emt 0:00:00]} O-O {[%emt 0:00:00]} 7. Re1 {[%emt 0:00:00]} d5 {[%emt 0:01:00]} 8. cxd5 {[%emt 0:00:00]} exd5 {[%emt 0:00:00]} 9. d4 {[%emt 0:00:00]} Nbd7 {[%emt 0:01:00]} 10. Bf4 {[%emt 0:04:30]} c5 {[%emt 0:07:30]} 11. Ne5 {[%emt 0:02:30]} Re8 {[%emt 0:10:30]} 12. dxc5 {[%emt 0:19:30]} Nxc5 {[%emt 0:02:30]} 13. Rc1 {[%emt 0:01:30]} Bf8 {[%emt 0:20:30]} 14. Nf3 {[%emt 0:08:30]} Nfe4 {[%emt 0:07:30]} 15. Be5 {[%emt 0:05:30]} Rc8 {[%emt 0:06:30]} 16. Bh3 {[%emt 0:06:30]} Ne6 {[%emt 0:04:30]} 17. Bd4 {[%emt 0:12:30]} Nxc3 {[%emt 0:13:30]} 18. Bxc3 {[%emt 0:02:30]} Bc5 {[%emt 0:00:30]} 19. Bg2 {[%emt 0:04:30]} b5 {[%emt 0:05:01]} 20. b4 {[%emt 0:06:30]} d4 {[%emt 0:01:59]} 21. bxc5 {[%emt 0:03:30]} dxc3 {[%emt 0:00:09]} 22. Rxc3 {[%emt 0:00:30]} Rxc5 {[%emt 0:02:30]} 23. Rxc5 {[%emt 0:00:39]} Nxc5 {[%emt 0:03:56]} 24. Qc2 {[%emt 0:00:33]} Ne6 {[%emt 0:08:26]} 25. Ng5 {[%emt 0:03:20]} Qxg5 {[%emt 0:00:11]} 26. Bxb7 {[%emt 0:00:06]} g6 {[%emt 0:00:08]} 27. Rd1 {[%emt 0:01:36]} Rd8 {[%emt 0:00:36]} 28. Rxd8+ {[%emt 0:01:00]} Qxd8 {[%emt 0:00:16]} 29. e3 {[%emt 0:00:15]} Qd6 {[%emt 0:01:31]} 30. Qc8+ {[%emt 0:02:30]} Kg7 {[%emt 0:01:04]} 31. Qc3+ {[%emt 0:00:06]} Kg8 {[%emt 0:00:06]} 32. Qc8+ {[%emt 0:03:48]} Kg7 {[%emt 0:00:02]} 33. Qc3+ {[%emt 0:02:06]} Kg8 {[%emt 0:00:01]} 34. h4 {[%emt 0:02:00]} h5 {[%emt 0:00:43]} 35. e4 {[%emt 0:01:07]} Qc5 {[%emt 0:03:07]} 36. Qf6 {[%emt 0:01:41]} Qd4 {[%emt 0:00:20]} 37. Qe7 {[%emt 0:01:04]} Qd1+ {[%emt 0:00:12]} 38. Kg2 {[%emt 0:00:39]} Nf4+ {[%emt 0:00:53]} 39. gxf4 {[%emt 0:00:06]} Qg4+ {[%emt 0:00:08]} 40. Kf1 {[%emt 0:00:00]} Qd1+ {[%emt 0:00:00]} 41. Kg2 {[%emt 0:00:54]} Qg4+ {[%emt 0:00:11]} 42. Kh1 {[%emt 0:01:30]} Qh3+ {[%emt 0:00:30]} 43. Kg1 {[%emt 0:00:30]} Qg4+ {[%emt 0:00:30]} 44. Kh1 {[%emt 0:01:30]} Qh3+ {[%emt 0:00:30]} 45. Kg1 {[%emt 0:00:30]} Qg4+ {[%emt 0:00:00]} 1/2-1/2

[Event "25th Zadar Open 2018"]
[Site "Zadar"]
[Date "2018.12.21"]
[Round "8.15"]
[White "Ivekovic, Bozidar"]
[Black "Spalir, Jernej"]
[Result "0-1"]
[WhiteElo "2406"]
[BlackElo "2336"]
[Annotator "ChessBase"]
[PlyCount "60"]
[EventDate "2018.12.15"]
[EventType "swiss"]
[EventCountry "CRO"]
[SourceTitle "playchess.com"]
[Source "ChessBase"]
[SourceQuality "1"]
[TimeControl "40/5400+30:1800+30"]

1. Nf3 {[%emt 0:00:30]} d5 {[%emt 0:00:30]} 2. c4 {[%emt 0:00:00]} c6 {[%emt 0:00:00]} 3. g3 {[%emt 0:00:00]} Nf6 {[%emt 0:00:00]} 4. Bg2 {[%emt 0:00:30]} g6 {[%emt 0:00:30]} 5. Qa4 {[%emt 0:04:30]} dxc4 {[%emt 0:01:30]} 6. Qxc4 {[%emt 0:00:30]} Bg7 {[%emt 0:00:30]} 7. O-O {[%emt 0:02:30]} O-O {[%emt 0:00:30]} 8. Nc3 {[%emt 0:05:30]} Be6 {[%emt 0:04:30]} 9. Qh4 {[%emt 0:03:30]} h6 {[%emt 0:02:30]} 10. d4 {[%emt 0:17:30]} g5 {[%emt 0:08:30]} 11. Bxg5 {[%emt 0:01:30]} hxg5 {[%emt 0:00:00]} 12. Nxg5 {[%emt 0:00:00]} Bf5 {[%emt 0:01:00]} 13. e4 {[%emt 0:06:00]} Bg6 {[%emt 0:03:30]} 14. e5 {[%emt 0:04:30]} Nh7 {[%emt 0:00:00]} 15. Nxh7 {[%emt 0:02:30]} Bxh7 {[%emt 0:00:00]} 16. Be4 {[%emt 0:00:00]} Bxe4 {[%emt 0:02:30]} 17. Nxe4 {[%emt 0:00:00]} f6 {[%emt 0:01:30]} 18. exf6 {[%emt 0:07:30]} exf6 {[%emt 0:00:30]} 19. Nc5 {[%emt 0:02:30]} Qd5 {[%emt 0:17:30]} 20. Rae1 {[%emt 0:06:30]} Na6 {[%emt 0:01:30]} 21. Ne6 {[%emt 0:01:30]} Rfe8 {[%emt 0:03:30]} 22. Nxg7 {[%emt 0:06:30]} Kxg7 {[%emt 0:00:00]} 23. Qg4+ {[%emt 0:00:30]} Kf7 {[%emt 0:00:00]} 24. h4 {[%emt 0:00:30]} Nc7 {[%emt 0:03:30]} 25. Re3 {[%emt 0:08:17]} Rg8 {[%emt 0:00:30]} 26. Qf4 {[%emt 0:03:40]} Ne6 {[%emt 0:00:30]} 27. Qe4 {[%emt 0:00:10]} Qxe4 {[%emt 0:01:30]} 28. Rxe4 {[%emt 0:00:01]} Rad8 {[%emt 0:00:00]} 29. Rfe1 {[%emt 0:00:57]} Rge8 {[%emt 0:00:00]} 30. Rd1 {[%emt 0:00:52]} f5 {[%emt 0:01:30]} 0-1

[Event "25th Zadar Open 2018"]
[Site "Zadar"]
[Date "2018.12.21"]
[Round "8.16"]
[White "Nielsen, Hogni Egilstoft"]
[Black "Djoric, Dusan"]
[Result "1/2-1/2"]
[WhiteElo "2400"]
[BlackElo "2298"]
[Annotator "TA"]
[PlyCount "165"]
[EventDate "2018.12.15"]
[EventType "swiss"]
[EventCountry "CRO"]
[SourceTitle "playchess.com"]
[Source "ChessBase"]
[SourceQuality "1"]

{[%evp 24,165,3,0,0,0,0,0,0,-8,45,45,62,51,53,27,34,18,16,16,11,0,0,-8,-9,-8,-7,-18,-23,-8,0,0,0,0,0,0,0,0,0,0,40,40,40,40,40,40,40,40,40,40,40,40,40,40,47,40,47,40,40,40,40,40,47,40,42,40,52,47,52,40,52,48,53,52,57,57,57,57,57,40,40,40,40,40,40,40,40,40,40,40,40,40,40,40,40,40,40,40,40,0,40,40,40,0,40,40,40,0,40,0,40,40,40,40,40,40,40,40,40,40,40,0,40,0,40,40,40,40,40,0,0,0,40,40,40,0,0,0,0,0,0,0,0,0]} 1. e4 c5 2. Nf3 d6 3. Bb5+ Bd7 4. Bxd7+ Nxd7 5. O-O Ngf6 6. Re1 e6 7. c3 Be7 8. d4 cxd4 9. cxd4 d5 10. e5 Ne4 11. Nbd2 Nxd2 12. Bxd2 O-O 13. Rc1 {LiveBook: 17 Games. B52: Sicilian: Moscow Variation with 3...Bd7} Nb8 (13... Qb6 14. Qc2 Nb8 15. Qc7 Bd8 16. Qxb6 Bxb6 17. Bb4 Re8 18. Bc5 Nc6 19. b4 Rec8 20. a4 Bxc5 21. bxc5 {½-½ (70) Kosteniuk,A (2555)-Kozul,Z (2613) Tallinn 2016}) 14. Qb3 Qd7 $1 15. Qd3 Nc6 16. a3 f5 $146 (16... Rac8 $11) ({Predecessor:} 16... h6 17. Rc2 a6 18. Rec1 Rfc8 19. h3 Na7 20. g4 Qd8 {1-0 (47) Bernhard,J (1739)-Wilfling,S (1817) Austria 2014}) 17. exf6 $14 Bxf6 18. Re2 a6 19. Bf4 Rac8 20. Rce1 Nxd4 21. Nxd4 Bxd4 22. Qxd4 Rc4 23. Qd2 {[#] Hoping for g3.} Rcxf4 24. Rxe6 Rxf2 25. Qxf2 Rxf2 26. Kxf2 $11 {[%mdl 4096] Endgame KQ-KRR} Kf7 27. R6e3 Qd6 28. Kg1 h6 29. Kh1 a5 30. Rf1+ Kg8 31. Rd3 a4 32. Rfd1 Qe5 33. b3 axb3 34. Rxb3 Qe2 {[%cal Re2d1] [#]} 35. Rbd3 Qa2 36. Rxd5 Qxa3 37. Rb5 Qc3 38. Rxb7 Qe5 39. Rb3 Kh7 40. Rg3 Qe2 {[%cal Re2d1]} 41. Rb1 Qe4 {[%cal Re4b1]} 42. Rgb3 Qe5 43. Rf1 Qe2 {[%cal Re2f1]} 44. Rbb1 Qe4 45. Rbe1 Qb4 46. h3 Qc4 47. Rf3 Qc7 48. Rfe3 h5 49. Re5 Kh6 50. Re6+ g6 51. Rf1 h4 52. Re4 Kh5 53. Rd1 g5 54. Rf1 Qc3 55. Re6 Qc7 56. Rff6 {[%csl Ge6][%cal Rf6h6]} Qc1+ 57. Kh2 {[%csl Ge6][%cal Rf6h6]} Qc7+ 58. Rd6 {[%csl Gd6][%cal Rf6h6]} Qg7 59. Rc6 Qh8 60. Kg1 Qg7 61. Kf2 Qh8 62. Ke3 Qg7 63. Rfe6 Qf8 64. Ke2 Qg7 65. Rb6 Qf8 (65... Qe5+ $5 66. Rxe5 $11) 66. Rbc6 Qg7 67. Rf6 Qh8 68. Kf2 Qg7 69. Kg1 Qh8 70. Rce6 Qg7 71. Rf5 Qd4+ 72. Kh2 Qg7 (72... Qg1+ {is interesting.} 73. Kxg1) 73. Ree5 Qg6 74. Kg1 Qb6+ 75. Rc5 Qb1+ 76. Kh2 Qb8+ 77. Rce5 Qd8 78. Rd5 Qe7 79. Rfe5 Qc7 {The position is equal.} 80. Kg1 Qc1+ 81. Kf2 Qf4+ 82. Ke2 Qc4+ 83. Kf2 {Accuracy: White = 66%, Black = 56%.} 1/2-1/2

[Event "25th Zadar Open 2018"]
[Site "Zadar"]
[Date "2018.12.21"]
[Round "8.17"]
[White "Janzelj, Tim"]
[Black "Krstulovic, Alex"]
[Result "0-1"]
[WhiteElo "2395"]
[BlackElo "2313"]
[Annotator "NA RC"]
[PlyCount "100"]
[EventDate "2018.12.15"]
[EventType "swiss"]
[EventCountry "CRO"]
[SourceTitle "playchess.com"]
[Source "ChessBase"]
[SourceQuality "1"]
[TimeControl "40/5400+30:1800+30"]

1. e4 {[%emt 0:00:30]} e5 {[%emt 0:00:30]} 2. Nf3 {[%emt 0:00:00]} Nc6 {[%emt 0:00:00]} 3. Bc4 {[%emt 0:00:00]} Bc5 {[%emt 0:00:00]} 4. c3 {[%emt 0:00:00]} Nf6 {[%emt 0:00:30]} 5. d3 {[%emt 0:00:00]} O-O {[%emt 0:00:00]} 6. Bb3 {[%emt 0:00:30] C54: Giuoco Piano: 4 c3 Nf6, main lines with 5 d4 and 5 d3} (6. O-O d6 7. Re1 a6 8. a4 Ba7 9. h3 Kh8 10. d4 h6 11. dxe5 Nxe5 12. Nxe5 dxe5 13. Qxd8 Rxd8 14. Nd2 Kg8 15. Nf3 {½-½ (31) Anand,V (2771)-Aronian,L (2780) Batumi 2018}) 6... d5 {[%emt 0:01:00]} 7. Qe2 {[%emt 0:01:30]} a5 {[%emt 0:00:30]} 8. a4 {[%emt 0:00:30]} Be6 {[%emt 0:02:30]} 9. Bc2 {[%emt 0:04:30]} h6 {[%emt 0:03:30]} 10. Nbd2 {[%emt 0:00:30]} Re8 {[%emt 0:18:30]} 11. h3 {[%emt 0:05:30]} Bb6 {[%emt 0:04:30]} 12. g4 $146 {[%emt 0:03:30]} ({Predecessor:} 12. Nf1 Nd7 13. exd5 Bxd5 {½-½ (30) Sukandar,I (2288)-Zhao,X (2549) Ho Chi Minh City 2012}) 12... Nh7 {[%emt 0:05:30]} 13. Nf1 {[%emt 0:01:30]} dxe4 {[%emt 0:04:30]} 14. dxe4 {[%emt 0:01:30]} Qf6 {[%emt 0:02:30]} 15. Ng3 {[%emt 0:02:30]} g6 {[%emt 0:01:30]} 16. Be3 {[%emt 0:11:30]} Bc4 {[%emt 0:12:30]} 17. Qxc4 {[%emt 0:01:30]} Bxe3 {[%emt 0:00:00]} 18. Qe2 {[%emt 0:01:30]} Bb6 {[%emt 0:03:00]} 19. Nf1 {[%emt 0:02:30]} Nd8 {[%emt 0:03:30]} 20. Ne3 {[%emt 0:07:30]} c6 {[%emt 0:00:30]} 21. O-O-O {[%emt 0:05:30]} Ne6 {[%emt 0:01:30]} 22. Kb1 {[%emt 0:04:30]} Rad8 {[%emt 0:04:30]} 23. h4 {[%emt 0:02:30]} Nf4 {[%emt 0:01:30]} 24. Qc4 {[%emt 0:02:30]} Rxd1+ {[%emt 0:06:30]} 25. Rxd1 {[%emt 0:03:30]} Bxe3 {[%emt 0:00:30]} 26. fxe3 {[%emt 0:00:30]} Ng2 {[%emt 0:00:30]} 27. Qe2 {[%emt 0:03:30]} Nxh4 {[%emt 0:00:30]} 28. Nd2 $1 {[%emt 0:00:30]} Qg5 {[%emt 0:05:47]} 29. Rh1 {[%emt 0:04:30]} Qd8 {[%emt 0:01:34]} 30. Qf2 {[%emt 0:00:30]} g5 {[%emt 0:00:19]} 31. Bb3 {[%emt 0:01:30]} Nf6 {[%emt 0:02:22]} 32. Rf1 {[%emt 0:04:30]} Kg7 {[%emt 0:00:13]} 33. Nc4 {[%emt 0:00:00]} Rf8 {[%emt 0:04:32]} 34. Ka1 {[%emt 0:06:48]} Nxe4 {[%emt 0:02:54]} 35. Qh2 {[%emt 0:00:23]} Qc7 {[%emt 0:01:03]} 36. Bc2 {[%emt 0:09:50]} Nf6 {[%emt 0:01:30]} 37. e4 {[%emt 0:01:03]} Nxg4 {[%emt 0:01:40]} 38. Qg3 {[%emt 0:00:01]} b5 {[%emt 0:02:38]} 39. Nd2 {[%emt 0:01:24]} Qd7 {[%emt 0:00:51]} 40. Rd1 {[%emt 0:00:00]} Qc8 {[%emt 0:00:00]} 41. Nb3 {[%emt 0:16:01]} h5 {[%emt 0:06:37]} 42. Rh1 {[%emt 0:02:30]} bxa4 {[%emt 0:04:30]} 43. Nc5 {[%emt 0:01:30]} a3 {[%emt 0:01:30]} 44. bxa3 {[%emt 0:00:30]} Rh8 {[%emt 0:02:30]} 45. Rf1 {[%emt 0:03:35]} Rh6 {[%emt 0:05:35]} 46. Qd3 $19 {[%emt 0:10:24]} Rf6 {[%emt 0:04:42]} 47. Rxf6 {[%emt 0:00:40]} Nxf6 {[%emt 0:01:24]} 48. Qd6 {[%emt 0:00:47]} Ng6 {[%emt 0:00:50]} 49. Ba4 {[%emt 0:01:01]} h4 {[%emt 0:00:58]} 50. Qd2 {[%emt 0:01:17]} Qg4 {[%emt 0:01:17]} 0-1

[Event "25th Zadar Open 2018"]
[Site "Zadar"]
[Date "2018.12.21"]
[Round "8.18"]
[White "Kurayan, Ruslan"]
[Black "Sokac, Marko"]
[Result "1-0"]
[WhiteElo "2391"]
[BlackElo "2301"]
[Annotator "NA"]
[PlyCount "90"]
[EventDate "2018.12.15"]
[EventType "swiss"]
[EventCountry "CRO"]
[SourceTitle "playchess.com"]
[Source "ChessBase"]
[SourceQuality "1"]
[TimeControl "40/5400+30:1800+30"]

1. e4 {[%emt 0:01:30]} c5 {[%emt 0:00:30]} 2. Nf3 {[%emt 0:00:00]} d6 {[%emt 0:00:30]} 3. d4 {[%emt 0:00:00]} cxd4 {[%emt 0:00:00]} 4. Nxd4 {[%emt 0:00:00]} Nf6 {[%emt 0:00:00]} 5. Nc3 {[%emt 0:00:00]} Bd7 {[%emt 0:00:30]} 6. Be3 {[%emt 0:18:30]} Ng4 {[%emt 0:01:30] B56: Classical Sicilian: Unusual Lines} 7. Bg5 {[%emt 0:15:30]} h6 {[%emt 0:03:30]} 8. Bh4 {[%emt 0:00:30]} g5 {[%emt 0:01:30]} 9. Bg3 {[%emt 0:02:30]} Nc6 {[%emt 0:14:30]} 10. Be2 {[%emt 0:13:30]} Nf6 $146 {[%emt 0:02:30]} ({Predecessor:} 10... Nge5 11. Nf5 Bxf5 12. exf5 Qd7 13. Nd5 O-O-O 14. Ne3 {1-0 (39) Rytshagov,M (2495)-Kengis,E (2570) Parnu 1996}) 11. Qd2 {[%emt 0:02:30]} Bg7 {[%emt 0:01:30]} 12. Nb3 {[%emt 0:06:30]} a5 {[%emt 0:04:30]} 13. a4 {[%emt 0:00:30]} Nb4 {[%emt 0:01:30]} 14. Nd4 {[%emt 0:05:30]} Rc8 {[%emt 0:08:30]} 15. O-O {[%emt 0:07:30]} Qb6 {[%emt 0:17:30]} 16. Ndb5 {[%emt 0:01:30]} O-O {[%emt 0:08:30]} 17. Rae1 {[%emt 0:10:26]} Bc6 {[%emt 0:04:30]} 18. Bd1 {[%emt 0:01:25]} Rfd8 {[%emt 0:00:00]} 19. Kh1 {[%emt 0:02:12]} d5 $1 {[%emt 0:02:00]} 20. e5 {[%emt 0:02:41]} Ne4 {[%emt 0:00:30]} 21. Nxe4 {[%emt 0:00:34]} dxe4 {[%emt 0:00:30]} 22. Qe2 {[%emt 0:00:51]} Qc5 {[%emt 0:04:30]} 23. Nc3 {[%emt 0:00:37]} Bxe5 {[%emt 0:01:30]} 24. Nxe4 {[%emt 0:00:43]} Qd5 {[%emt 0:06:23]} 25. f4 {[%emt 0:02:05]} Bxb2 {[%emt 0:02:28]} 26. fxg5 {[%emt 0:00:36]} Qxe4 {[%emt 0:06:45]} 27. Qxe4 {[%emt 0:00:02]} Bxe4 {[%emt 0:00:02]} 28. Rxe4 {[%emt 0:00:01]} hxg5 {[%emt 0:01:12]} 29. Rxe7 {[%emt 0:00:01]} b5 {[%emt 0:05:09]} 30. axb5 {[%emt 0:02:35]} a4 {[%emt 0:00:30]} 31. b6 {[%emt 0:00:35]} Nd5 {[%emt 0:00:30]} 32. Ra7 {[%emt 0:01:10]} Nxb6 {[%emt 0:00:51]} 33. Bh5 {[%emt 0:02:24]} a3 {[%emt 0:01:34]} 34. Bxf7+ {[%emt 0:00:23]} Kh8 {[%emt 0:00:02]} 35. Bc7 {[%emt 0:00:53]} Rxc7 {[%emt 0:00:11]} 36. Rxc7 {[%emt 0:00:01]} Na4 {[%emt 0:00:44]} 37. Bb3 {[%emt 0:00:39]} Nc3 {[%emt 0:00:08]} 38. Ra7 {[%emt 0:00:57]} Nb5 {[%emt 0:00:16]} 39. Ra5 {[%emt 0:00:44]} Nd4 {[%emt 0:00:09]} 40. h3 {[%emt 0:00:00]} Kh7 {[%emt 0:00:00]} 41. Rf7+ {[%emt 0:06:55]} Kh8 {[%emt 0:02:06]} 42. Ba2 $18 {[%emt 0:05:30]} Nc6 {[%emt 0:08:30]} 43. Rxg5 {[%emt 0:00:30]} Rd1+ {[%emt 0:00:30]} 44. Kh2 {[%emt 0:00:00]} Ra1 {[%emt 0:01:30]} 45. Bd5 {[%emt 0:01:22]} Nb4 {[%emt 0:01:30]} 1-0

[Event "25th Zadar Open 2018"]
[Site "Zadar"]
[Date "2018.12.21"]
[Round "8.19"]
[White "Biliskov, Vjekoslav"]
[Black "Ustianovich, Nazar"]
[Result "0-1"]
[WhiteElo "2313"]
[BlackElo "2383"]
[Annotator "NA"]
[PlyCount "68"]
[EventDate "2018.12.15"]
[EventType "swiss"]
[EventCountry "CRO"]
[SourceTitle "playchess.com"]
[Source "ChessBase"]
[SourceQuality "1"]
[TimeControl "40/5400+30:1800+30"]

1. d4 {[%emt 0:00:30]} Nf6 {[%emt 0:04:30]} 2. c4 {[%emt 0:00:00]} e6 {[%emt 0:06:30]} 3. Nc3 {[%emt 0:00:00]} Bb4 {[%emt 0:02:30]} 4. e3 {[%emt 0:00:30]} c5 {[%emt 0:01:30]} 5. Bd3 {[%emt 0:02:30]} cxd4 {[%emt 0:00:30]} 6. exd4 {[%emt 0:00:30]} d5 {[%emt 0:02:30]} 7. Nge2 {[%emt 0:01:30]} dxc4 {[%emt 0:00:30]} 8. Bxc4 {[%emt 0:00:30]} O-O {[%emt 0:00:30]} 9. a3 {[%emt 0:01:30]} Be7 {[%emt 0:00:30]} 10. O-O {[%emt 0:01:30]} Nbd7 {[%emt 0:02:30] LiveBook: 33 Games} 11. Bg5 {[%emt 0:09:30] E48: Nimzo-Indian: Rubinstein: 5 Bd3 d5 including 6 Ne2, but excluding 6 a3} Nb6 {[%emt 0:02:30]} 12. Bb3 {[%emt 0:00:30]} (12. Ba2 Bd7 13. Qd3 Bc6 14. Rad1 Na4 15. Rd2 Nxc3 16. Nxc3 Qc7 17. d5 Nxd5 18. Nxd5 exd5 19. Bxe7 Qxe7 20. Bxd5 {½-½ (62) Ding,L (2791)-Aronian,L (2764) Stavanger 2018}) 12... Bd7 {[%emt 0:00:30]} 13. Qd3 {[%emt 0:08:30]} Bc6 {[%emt 0:05:30]} 14. Nf4 $146 {[%emt 0:04:30]} ({Predecessor:} 14. Bc2 g6 15. Rad1 Nbd5 16. Nxd5 Qxd5 {0-1 (16) Cebrian Ramos,J (2063)-Spassov,L (2424) Marin 2001}) 14... Nfd5 {[%emt 0:20:30]} 15. Bxe7 {[%emt 0:06:30]} Nxe7 {[%emt 0:03:30]} 16. Rfe1 {[%emt 0:14:30]} Ng6 {[%emt 0:03:30]} 17. Nxg6 {[%emt 0:09:30]} hxg6 {[%emt 0:00:30]} 18. Rad1 {[%emt 0:00:30]} Qf6 {[%emt 0:16:30]} 19. Re5 {[%emt 0:00:30]} Rad8 {[%emt 0:01:30]} 20. Qe3 {[%emt 0:03:30]} Rd6 {[%emt 0:04:33]} 21. Ne4 {[%emt 0:06:30]} Bxe4 $1 {[%emt 0:00:23]} 22. Qxe4 {[%emt 0:00:30]} Rfd8 $15 {[%emt 0:00:42]} 23. g3 {[%emt 0:04:30]} Nd5 {[%emt 0:14:44]} 24. Bxd5 {[%emt 0:00:30]} Rxd5 {[%emt 0:00:06]} 25. Rxd5 {[%emt 0:00:30]} Rxd5 {[%emt 0:00:03]} 26. Rc1 {[%emt 0:01:30]} Qd8 {[%emt 0:02:26]} 27. Rc5 {[%emt 0:00:30]} Rxd4 {[%emt 0:02:43]} 28. Qxb7 {[%emt 0:00:30]} Rd1+ {[%emt 0:00:04]} 29. Kg2 {[%emt 0:00:30]} Qd3 {[%emt 0:00:01]} 30. Rc8+ {[%emt 0:08:22]} Kh7 {[%emt 0:00:01]} 31. Qxf7 {[%emt 0:01:05]} Qf1+ {[%emt 0:01:01]} 32. Kf3 {[%emt 0:00:08]} Rd3+ {[%emt 0:01:08]} 33. Kg4 {[%emt 0:00:17]} Rd4+ {[%emt 0:00:36]} 34. Kg5 {[%emt 0:01:19]} Qb5+ {[%emt 0:00:11]} 0-1

[Event "25th Zadar Open 2018"]
[Site "Zadar"]
[Date "2018.12.21"]
[Round "8.20"]
[White "Muha, Miljenko"]
[Black "Blagojevic, Tijana"]
[Result "1-0"]
[WhiteElo "2334"]
[BlackElo "2208"]
[Annotator "NA"]
[PlyCount "99"]
[EventDate "2018.12.15"]
[EventType "swiss"]
[EventCountry "CRO"]
[SourceTitle "playchess.com"]
[Source "ChessBase"]
[SourceQuality "1"]
[TimeControl "40/5400+30:1800+30"]

1. d4 {[%emt 0:00:30]} d5 {[%emt 0:00:30]} 2. Bf4 {[%emt 0:00:00]} c5 {[%emt 0:00:30]} 3. e3 {[%emt 0:00:00]} Nf6 {[%emt 0:00:30]} 4. Nf3 {[%emt 0:00:30]} Nc6 {[%emt 0:01:30]} 5. Nbd2 {[%emt 0:00:30] D02: 1 d4 d5 2 Nf3 sidelines, including 2...Nf6 3 g3 and 2...Nf6 3 Bf4} Nh5 {[%emt 0:00:30]} 6. Be5 {[%emt 0:08:30]} f6 {[%emt 0:00:30]} 7. Bg3 {[%emt 0:00:30]} cxd4 {[%emt 0:01:30]} 8. exd4 {[%emt 0:01:30]} g6 {[%emt 0:00:00]} 9. Bd3 $146 {[%emt 0:29:30]} ({Predecessor:} 9. c4 Be6 10. cxd5 Bxd5 11. Bc4 Bh6 12. O-O O-O {0-1 (47) Romanov,E (2621)-Volkov,S (2612) Moscow 2018}) 9... Bh6 {[%emt 0:04:00]} 10. O-O {[%emt 0:07:30]} O-O {[%emt 0:02:30]} 11. Re1 {[%emt 0:00:30]} Ng7 {[%emt 0:08:30]} 12. c4 {[%emt 0:03:30]} dxc4 {[%emt 0:11:30]} 13. Bxc4+ {[%emt 0:02:30]} Kh8 {[%emt 0:02:30]} 14. d5 {[%emt 0:06:30]} Na5 {[%emt 0:01:30]} 15. Qe2 {[%emt 0:06:30]} Bg4 {[%emt 0:13:30]} 16. Qe4 {[%emt 0:05:30]} Bf5 {[%emt 0:07:30]} 17. Qxe7 {[%emt 0:02:30]} Nxc4 {[%emt 0:01:30]} 18. Nxc4 {[%emt 0:00:30]} Qxd5 {[%emt 0:01:30]} 19. Nd6 {[%emt 0:01:30]} Bc2 {[%emt 0:08:30]} 20. Qxb7 {[%emt 0:03:59]} Qxb7 {[%emt 0:00:30]} 21. Nxb7 {[%emt 0:00:05]} Nf5 {[%emt 0:00:30]} 22. Nc5 {[%emt 0:00:52]} a5 {[%emt 0:06:30]} 23. Re2 {[%emt 0:02:00]} Nxg3 {[%emt 0:01:30]} 24. Rxc2 {[%emt 0:01:02]} Nf5 {[%emt 0:00:30]} 25. Nd7 {[%emt 0:03:17]} Rf7 {[%emt 0:00:30]} 26. Nb6 {[%emt 0:00:08]} Ra6 {[%emt 0:01:30]} 27. Na4 {[%emt 0:00:58]} Re7 {[%emt 0:03:30]} 28. g3 {[%emt 0:00:46]} Nd6 {[%emt 0:00:43]} 29. Re1 {[%emt 0:00:53]} Rxe1+ {[%emt 0:01:15]} 30. Nxe1 $16 {[%emt 0:00:30]} Ne4 {[%emt 0:00:24]} 31. Nd3 {[%emt 0:01:08]} Rd6 {[%emt 0:02:01]} 32. Nac5 {[%emt 0:01:20]} Nd2 {[%emt 0:01:10]} 33. Kg2 {[%emt 0:00:46]} Kg8 {[%emt 0:00:37]} 34. f4 {[%emt 0:01:19]} Nb1 {[%emt 0:00:12]} 35. Kf2 {[%emt 0:02:13]} Bf8 {[%emt 0:03:41]} 36. Ke2 {[%emt 0:00:18]} Rd5 {[%emt 0:00:09]} 37. Ne4 {[%emt 0:03:26]} Rd4 {[%emt 0:00:54]} 38. Nef2 {[%emt 0:00:47]} Bb4 {[%emt 0:00:14]} 39. a3 {[%emt 0:01:47]} Bd2 {[%emt 0:01:01]} 40. Rxd2 {[%emt 0:00:00]} Nxd2 {[%emt 0:00:00]} 41. Kxd2 {[%emt 0:01:26]} h5 {[%emt 0:00:39]} 42. Kc3 {[%emt 0:00:30]} Rd8 {[%emt 0:00:30]} 43. b4 {[%emt 0:01:30]} axb4+ {[%emt 0:00:30]} 44. axb4 {[%emt 0:00:30]} Kf7 {[%emt 0:00:30]} 45. Kc4 {[%emt 0:00:30]} Ke6 {[%emt 0:00:30]} 46. b5 {[%emt 0:01:30]} g5 {[%emt 0:00:00]} 47. b6 {[%emt 0:03:30]} Kd7 {[%emt 0:00:00]} 48. Kb5 {[%emt 0:01:30]} Re8 {[%emt 0:00:30]} 49. Nc5+ {[%emt 0:00:30]} Kc8 {[%emt 0:00:30]} 50. Kc6 {[%emt 0:00:30]} 1-0